000 01743nam a2200553 i 4500
001 30601
003 KOSZ 005
005 20240405063051.0
008 970510s1995 pl f |000 0 pol
015 _aUWD 1995/11521
020 _a839031035X
035 _a991000220609705066
035 _a(PL-WaBN)b10102346-48omnis_nlop
035 _ab10102346
035 _a(OCoLC)316453477
035 _a(PL)b0000001010234
035 _a(EXLNZ-48OMNIS_NETWORK)9910370327305606
040 _aWA N
_cWA N
_dKOSZ 005/EG
041 _apol
046 _k1995
080 _a37
080 _a(438)
080 _a"1989/..."
100 1 _aLewowicki, Tadeusz
_d(1942- )
_eAutor
245 1 0 _aPrzemiany oświaty :
_bszkice o ideach i praktyce edukacyjnej /
_cTadeusz Lewowicki.
250 _aWyd. 3.
260 _aWarszawa :
_b"Żak",
_c1995.
300 _a173, [1] s. ;
_c21 cm.
336 _aTekst
_btxt
_2rdacontent
337 _aBez urządzenia pośredniczącego
_bn
_2rdamedia
338 _aWolumin
_bnc
_2rdacarrier
380 _aKsiążki
388 _a1901-2000
388 _a1989-2000
504 _aBibliogr. s. 163-173.
510 _aRekl. wyd. 2
648 7 _a1901-2000
_2DBN
648 7 _a1989-2000
_2DBN
648 7 _a2001-
_2DBN
650 7 _aOświata
_2DBN
650 7 _aReforma
_2DBN
650 7 _aPolityka oświatowa
_2DBN
651 7 _aPolska
_2DBN
658 _aPolityka, politologia, administracja publiczna
710 2 _a Wydawnictwo Akademickie "Żak", Jacek Śnieciński
_4pbl
856 _uhttp://koha.tu.koszalin.pl/cgi-bin/koha/opac-detail.pl?biblionumber=30601
_yKatalog online BPK
942 _2UKD
_cKS
999 _c30601
_d30601